000
00263nam a2200097Ia 4500
001
815807
005
20250826171703.0
008
250824s9999 xx 000 0 und d
245
0
_a
HEBO DERE ÜLKESİNİN PRENSİ
_c
NAZLI ASPAY ŞENER
260
_b
GENÇ HAYAT YAYINLARI
999
_c
815807
_d
815807